header

Putting biotechnology to work (Record no. 165761)

MARC details
000 -LEADER
fixed length control field 01324nam a2200301 a 4500
082 04 - DEWEY DECIMAL CLASSIFICATION NUMBER
Classification number 660/.63
245 10 - TITLE STATEMENT
Title Putting biotechnology to work
260 ## - PUBLICATION, DISTRIBUTION, ETC. (IMPRINT)
Place of publication Washington, D.C. :
Name of publisher National Academy of Sciences,
Year of publication 1992.
300 ## - PHYSICAL DESCRIPTION
Number of Pages xii, 120 p. :
Other physical details ill.
650 #0 - SUBJECT ADDED ENTRY--TOPICAL TERM
Topical Term Biochemical engineering.
Topical Term Biotechnology.
856 40 - ELECTRONIC LOCATION AND ACCESS
Uniform Resource Identifier http://site.ebrary.com/lib/rucke/Doc?id=10055045

No items available.

© 2026 Rongo University
Contact us: librarian | system librarian | Rongo university